000 00747nam a2200205 i 4500
001 150622
003 ES-MaACL
005 20230906203614.0
007 t|
008 071031s1960 sp |||| | spa d
100 1 _aValenciano Gaya, Luis.
_9186872
245 1 3 _aEl delirio paranoide y la razon vital /
_cdiscurso de ingreso del... Sr. D. Luis Balenciano Gayá ; contestación del... Sr. D. Profesor D. Roman Alberca y Lorente.
260 _aMurcia :
_bReal Academia de Medicina y Cirugía de Murcia,
_c1960.
300 _a62 p. ;
_c25 cm.
650 1 4 _aDelirio.
_911557
700 1 _aAlberca Lorente, Román.
_919266
710 2 _aReal Academia de Medicina y Cirugía de Murcia.
_96328
852 _aES-MaACL
_jA-3949
999 _c150622
_d150622